Sports Quiz

Random Sports or Soccer Quiz
Score 0/16 Timer 03:00
1 Play Today
Premier League Team % Correct
Arsenal
96.3%
Chelsea
90.9%
Liverpool
86.4%
Everton
81.4%
Sunderland
65.6%
Southampton
63.6%
Burnley
58.8%
Fulham
57%
Premier League Team % Correct
Bournemouth
53.8%
Watford
52.5%
Portsmouth
47.5%
Middlesbrough
43.4%
Blackpool
39.2%
Barnsley
37.4%
Reading
35.3%
Wimbledon
34.4%
Remove Ads.
Support Sporcle.
Get the best of Sporcle when you Go Orange. This ad-free experience offers more features, more stats, and more fun while also helping to support Sporcle. Thank you for becoming a member.

You're not logged in!

Compare scores with friends on all Sporcle quizzes.
OR
Log In

Sporcle TV

Today on Sporcle TV


Watch our educational content, quiz creation guides, and fun videos on Sporcle TV.

Show Comments

Extras

Top Quizzes Today


Score Distribution

Paid Content

Your Account Isn't Verified!

In order to create a playlist on Sporcle, you need to verify the email address you used during registration. Go to your Sporcle Settings to finish the process.

Report this User

Report this user for behavior that violates our Community Guidelines.

Details: